00434pab a2200145 454500008004000000100001600040245009200056260000900148300001500157362000800172650002700180700002200207700003000229773002900259180718b2017 xxu||||| |||| 00| 0 eng d aVoorn, Bart aThe efficiency and effectiveness of municipally owned corporations: a systematic review c2017 ap.820-841. aOct aMunicipal corporations aThiel, Sandra van aGenugten, Marieke L. van  aLocal Government Studies